[Event "Krakow op-C"]
[Site "Krakow"]
[Date "2006.01.03"]
[Round "8"]
[White "Aniskevich, Dmitriy"]
[Black "Lichacz, Rafal"]
[Result "1-0"]
[WhiteElo "1600"]
[BlackElo "1600"]
[PlyCount "79"]
[EventDate "2005.12.27"]
[EventType "swiss"]
[EventRounds "9"]
[EventCountry "POL"]
[SourceTitle "CBM 110 Extra"]
[Source "ChessBase"]
[SourceDate "2006.03.10"]
[SourceVersion "2"]
[SourceVersionDate "2006.03.10"]
[SourceQuality "1"]

1. e4 c6 2. Nc3 d5 3. Nf3 dxe4 4. Nxe4 Nd7 5. Qe2 e6 6. d4 Ngf6 7. Nxf6+ Nxf6 8. Bg5 Be7 9. 0-0-0 h6 10. Bd2 b5 11. g4 a5 12. Rg1 Qd5 13. Kb1 Ne4 14. Bc1 b4 15. Nd2 Nxd2+ 16. Qxd2 a4 17. Bg2 Qb5 18. f4 b3 19. cxb3 axb3 20. a3 Bb7 21. Qc3 Ra4 22. Rd3 0-0 23. Qxb3 Qa6 24. Rgd1 Rb8 25. Ka2 Bd6 26. Qc2 Ba8 27. Rc3 Rab4 28. Bf3 R4b6 29. Bg2 g5 30. fxg5 hxg5 31. Rh3 Bf4 32. b3 Rb4 33. Bxf4 gxf4 34. Bf1 Qa7 35. Qe4 Kf8 36. Qxf4 Ke7 37. g5 Rf8 38. Qf6+ Ke8 39. g6 fxg6 40. Qxe6+ 1-0

[Event "Krakow op-C"]
[Site "Krakow"]
[Date "2005.12.29"]
[Round "3"]
[White "Kuciel, Piotr"]
[Black "Aniskevich, Dmitriy"]
[Result "0-1"]
[WhiteElo "1600"]
[BlackElo "1600"]
[PlyCount "98"]
[EventDate "2005.12.27"]
[EventType "swiss"]
[EventRounds "9"]
[EventCountry "POL"]
[SourceTitle "CBM 110 Extra"]
[Source "ChessBase"]
[SourceDate "2006.03.10"]
[SourceVersion "2"]
[SourceVersionDate "2006.03.10"]
[SourceQuality "1"]

1. e4 c5 2. Nf3 d6 3. d4 cxd4 4. Nxd4 Nf6 5. Nc3 a6 6. Be2 e5 7. Nb3 Be6 8. Be3 Be7 9. f3 0-0 10. 0-0 Nbd7 11. Qe1 Qc7 12. Rd1 b5 13. a3 Nb6 14. Qf2 Nc4 15. Bc1 Nxa3 16. Nd5 Bxd5 17. exd5 Nxc2 18. Bg5 Ne4 19. fxe4 Bxg5 20. Rd3 Qa7 21. Kh1 Qxf2 22. Rxf2 Rac8 23. g3 Nb4 24. Rc3 Na2 25. Rxc8 Rxc8 26. Bd3 Nb4 27. Bb1 g6 28. Re2 Bc1 29. Kg2 Bh6 30. h4 Bf8 31. g4 a5 32. Kf2 a4 33. Nd2 Be7 34. Kg3 Rc1 35. Rh2 Bd8 36. Kg2 Bb6 37. Rh1 Rxh1 38. Kxh1 Bd4 39. b3 a3 40. h5 a2 41. Bxa2 Nxa2 42. hxg6 hxg6 43. Kg2 Nc1 44. b4 Bc3 45. Nb1 Bxb4 46. Kf3 f6 47. Ke3 Kg7 48. Kf3 Kh6 49. Kg3 Kg5 0-1